| 000 | 00959nam a22002057a 4500 | ||
|---|---|---|---|
| 999 |
_c36230 _d36230 |
||
| 003 | OSt | ||
| 005 | 20251217211248.0 | ||
| 008 | 140214b2025 slv spa | ||
| 040 | _cBMC | ||
| 082 | _a370.7284 | ||
| 100 | 1 |
_949846 _aRamos de Rivera, Norma Elizabeth |
|
| 245 | 1 | 0 |
_aPasantía en Complejo Educativo Cantón Managuara, Sesori, San Miguel Norte _b: informe final _cNorma Elizabeth Ramos de Rivera |
| 260 |
_aSanta Ana (El Salvador) _bUniversidad Católica de El Salvador _c2025 |
||
| 300 |
_a1 folleto (16 h.) _bil. col _c27 cm _e+ 1 disco compacto |
||
| 500 | _aPrecede al tít.: Universidad Católica de El Salvador, Facultad de Ciencias y Humanidades | ||
| 502 | _aPara optar al grado académico de Licenciatura en Ciencias de la Educación con especialidad en Educación Básica | ||
| 650 | 2 | 4 |
_919100 _aEducación _zEl Salvador |
| 710 | 2 |
_91075 _aUniversidad Católica de El Salvador _bFacultad de Ciencias y Humanidades |
|
| 942 |
_2ddc _cTG |
||